Зоотехническая оценка тувинских лошадей используемых в национальных видах конного спорта (Запись № 11082034)

Подробности
000 -МАРКЕР
контрольное поле 01874nam0a2200361 4500
001 - ИДЕНТИФИКАТОР ЗАПИСИ
контрольное поле RU\NLR\BIBL_A\011641460
005 - ИДЕНТИФИКАТОР ВЕРСИИ
контрольное поле 20180322160905.0
010 ## - МЕЖДУНАРОДНЫЙ СТАНДАРТНЫЙ НОМЕР КНИГИ (ISBN)
Номер (ISBN) 978-5-91178-130-9
Тираж 300
021 ## - НОМЕР ГОСУДАРСТВЕННОЙ РЕГИСТРАЦИИ
Код страны Российская Федерация
Номер КН-П-18-005343
Номер Листа государственной регистраци КН-П-18-0365
035 ## - ДРУГИЕ СИСТЕМНЫЕ НОМЕРА
Идентификатор записи (NLR Aleph) 011641460
035 ## - ДРУГИЕ СИСТЕМНЫЕ НОМЕРА
Идентификатор записи (RuMoRGB)009529080
100 ## - ДАННЫЕ ОБЩЕЙ ОБРАБОТКИ
Данные общей обработки 20180222d2016 u y0rusy50 ca
101 0# - ЯЗЫК РЕСУРСА
Язык текста, звукозаписи и т.д. русский
102 ## - СТРАНА ПУБЛИКАЦИИ ИЛИ ПРОИЗВОДСТВА
Страна публикации Российская Федерация
105 ## - ПОЛЕ КОДИРОВАННЫХ ДАННЫХ: ТЕКСТОВЫЕ МАТЕРИАЛЫ, МОНОГРАФИЧЕСКИЕ
Кодированные данные о монографическом текстовом документе a|||zzzz000zy
200 1# - ЗАГЛАВИЕ И СВЕДЕНИЯ ОБ ОТВЕТСТВЕННОСТИ
Основное заглавие Зоотехническая оценка тувинских лошадей используемых в национальных видах конного спорта
Сведения, относящиеся к заглавию монография
Первые сведения об ответственности Б. М. Монгуш, Ю. А. Юлдашбаев
Последующие сведения об ответственности Министерство образования Российской Федерации, Федеральное государственное бюджетное образовательное учреждение высшего образования "Тувинский государственный университет"
210 ## - ПУБЛИКАЦИЯ, РАСПРОСТРАНЕНИЕ И ДР.
Место издания, распространения и т.д. Кызыл
Имя издателя, распространителя и т. д. Изд-во ТувГУ
Дата издания, распространения и т.д. 2016
215 ## - ФИЗИЧЕСКАЯ ХАРАКТЕРИСТИКА
Специфическое обозначение материала и объем 102 с.
Другие сведения о физической характеристике табл., цв. ил.
Размеры 20
320 ## - ПРИМЕЧАНИЯ О НАЛИЧИИ В ДОКУМЕНТЕ БИБЛИОГРАФИИ / УКАЗАТЕЛЯ
Текст примечания Библиогр.: с. 91-101 (132 назв.)
606 1# - НАИМЕНОВАНИЕ ТЕМЫ КАК ПРЕДМЕТ
Наименование темы Конный спорт
Географический подзаголовок Тыва, Республика
Системный номер авторитетной/нормативной записи 2358465
Идентификатор авторитетной/нормативной записи RU\NLR\AUTH\6601631026
606 1# - НАИМЕНОВАНИЕ ТЕМЫ КАК ПРЕДМЕТ
Наименование темы Тувинские лошади
Системный номер авторитетной/нормативной записи 2358467
Идентификатор авторитетной/нормативной записи RU\NLR\AUTH\6601631027
686 ## - ИНДЕКСЫ ДРУГИХ КЛАССИФИКАЦИЙ
Индекс П611.39тувинская-6,0
Код системы
686 1# - ИНДЕКСЫ ДРУГИХ КЛАССИФИКАЦИЙ
Индекс П611.9(2Р54-6Ту)
686 1# - ИНДЕКСЫ ДРУГИХ КЛАССИФИКАЦИЙ
Индекс П611.39Тувинские
686 1# - ИНДЕКСЫ ДРУГИХ КЛАССИФИКАЦИЙ
Индекс Ч517.224(2Р-6Ту)
700 #1 - ИМЯ ЛИЦА - ПЕРВИЧНАЯ ОТВЕТСТВЕННОСТЬ
Начальный элемент ввода Монгуш
Часть имени, кроме начального элемента ввода Б. М.
Расширение инициалов личного имени Буян Михайлович
701 #1 - ИМЯ ЛИЦА - АЛЬТЕРНАТИВНАЯ ОТВЕТСТВЕННОСТЬ
Графика поля Кириллица
Материалы, к которым относится поле rus
Начальный элемент ввода Юлдашбаев
Часть имени, кроме начального элемента ввода Ю. А.
Даты 1958-
Расширение инициалов личного имени Юсупжан Артыкович
Системный номер авторитетной/нормативной записи 157767
Идентификатор авторитетной/нормативной записи RU\NLR\AUTH\770157808
942 ## - ДОПОЛНИТЕЛЬНЫЕ ЭЛЕМЕНТЫ ЗАПИСИ (АБИС)
Тип экземпляра АБИС Книга
980 ## - КОЛЛЕКЦИЯ
Название коллекции НБР
980 ## - КОЛЛЕКЦИЯ
Название коллекции Национальная библиография

Нет доступных экземпляров.